卡尔.威特的日记 (Record no. 54182)

000 -LEADER
fixed length control field 00560nam a22001937a 4500
003 - CONTROL NUMBER IDENTIFIER
control field MPLRDC
005 - DATE AND TIME OF LATEST TRANSACTION
control field 20220104154827.0
008 - FIXED-LENGTH DATA ELEMENTS--GENERAL INFORMATION
fixed length control field 210129b ||||| |||| 00| 0 eng d
020 ## - INTERNATIONAL STANDARD BOOK NUMBER
International Standard Book Number 7-80648-940-1
082 ## - DEWEY DECIMAL CLASSIFICATION NUMBER
Classification number 528.21 WET-3
100 ## - MAIN ENTRY--PERSONAL NAME
Personal name CARL WETER 老/小卡尔.威特合著
245 ## - TITLE STATEMENT
Title 卡尔.威特的日记
Statement of responsibility, etc. 凯歌译
250 ## - EDITION STATEMENT
Edition statement 一版一刷
260 ## - PUBLICATION, DISTRIBUTION, ETC.
Place of publication, distribution, etc. 中国
Name of publisher, distributor, etc. 延边人民出版社
Date of publication, distribution, etc. 2003
300 ## - PHYSICAL DESCRIPTION
Other physical details 311
490 ## - SERIES STATEMENT
Series statement 造就欧美今日教育奇迹的经典名著
650 ## - SUBJECT ADDED ENTRY--TOPICAL TERM
Topical term or geographic name entry element 子女教育; 亲子教育
942 ## - ADDED ENTRY ELEMENTS (KOHA)
Koha item type Book
-- 528.21 WET-3
Holdings
Withdrawn status Lost status Source of classification or shelving scheme Damaged status Not for loan Collection code Home library Current library Shelving location Date acquired Cost, normal purchase price Total Checkouts Full call number Barcode Date last seen Date last checked out Price effective from Koha item type Public note
            Malaysian Public Library, Research and Development Centre Malaysian Public Library, Research and Development Centre   10/12/2007 20.00   528.21 WET-3 00054369 18/03/2021 25/11/2012 18/03/2021 Book mplrdc

© 2022. Malaysian Public Library, Research and Development Centre. All Right ReservedE-mailmplrdc@help.edu.my 

Powered by Koha